La filosofía del derecho en la Universidad de Santiago: 1807-1975
שמור ב:
| מחבר ראשי: | |
|---|---|
| פורמט: | ספר |
| שפה: | ספרדית |
| יצא לאור: |
Santiago de Compostela
Paredes
1975
|
| סדרה: | Biblioteca Hispánica de Filosofía del Derecho, 13
|
| נושאים: | |
| תגים: |
הוספת תג
אין תגיות, היה/י הראשונ/ה לתייג את הרשומה!
|
MARC
| LEADER | 00000nam a2200000 a 4500 | ||
|---|---|---|---|
| 001 | UCS9433 | ||
| 003 | CL-VaPUC | ||
| 008 | 971113e19750000SP |||||||||||||||||spa|d | ||
| 082 | 0 | 4 | |a 340.109 |b PUY |2 21 |
| 100 | 0 | |a Puy, Francisco |e author |9 394386 | |
| 245 | 1 | 3 | |a La filosofía del derecho en la Universidad de Santiago: 1807-1975 |
| 300 | |a 216 p | ||
| 942 | |c BK | ||
| 945 | |d 19971113 00:00:00 |a aolguin | ||
| 260 | |a Santiago de Compostela |b Paredes |c 1975 | ||
| 600 | 0 | 7 | |a UNIVERSIDAD DE SANTIAGO DE COMPOSTELA |2 CL-VaPUC |9 394387 |
| 650 | 0 | |a Filosofía del derecho |9 255050 | |
| 650 | 0 | |a Enseñanza del derecho |9 354184 | |
| 650 | 7 | |a HISTORIA DE ESPAÑA SIGLOS 19-20 |2 CL-VaPUC |9 394388 | |
| 651 | 0 | |a España |9 254926 | |
| 583 | |a last modification |c 20160901 10:25:51 |k Rodrigo Vera | ||
| 490 | 0 | |a Biblioteca Hispánica de Filosofía del Derecho, 13 | |
| 999 | |c 263234 |d 263232 | ||
| 952 | |0 0 |1 0 |4 0 |6 340_109000000000000_PUY_1975 |7 0 |8 DER_TF |9 292419 |a BIBDER |b BIBDER |d 2019-11-19 |i 1898280 |o 340.109 PUY 1975 |p 1898280 |r 2023-01-25 |w 2019-11-19 |x Ubicación 4to Piso |y BK |z Estos recursos deben solicitarse con anticipación |k DER | ||